01211nam a2200325Ia 4500001001200000003000800012006001900020007001500039008004100054010001700095020003100112040002100143035002100164050002400185082001700209100001900226245009200245250001200337260004700349300001800396504005100414533015200465650002700617650003300644650001900677655002900696710001700725856012600742999001700868ebr10251430CaPaEBRm u cr cn|||||||||080630s2008 mau sb 001 0 eng d z 2008028602 z9781931930529 (alk. paper) aCaPaEBRcCaPaEBR a(OCoLC)47112904914aHQ1032b.R66 2008eb04a306.84/52221 aRomano, Dugan.10aIntercultural marriageh[electronic resource] :bpromises and pitfalls /cDugan Romano. a3rd ed. aBoston, MA :bIntercultural Press,cc2008. axviii, 214 p. aIncludes bibliographical references and index. aElectronic reproduction.bPalo Alto, Calif. :cebrary,d2009.nAvailable via World Wide Web.nAccess may be limited to ebrary affiliated libraries. 0aIntercountry marriage. 0aIntercultural communication. 0aIntermarriage. 7aElectronic books.2local2 aebrary, Inc.40uhttp://site.ebrary.com/lib/rucke/Doc?id=10251430zAn electronic book accessible through the World Wide Web; click to view c35845d35845